| 000 | 00758nam a22002057a 4500 | ||
|---|---|---|---|
| 008 | 170426b xxu||||| |||| 00| 0 eng d | ||
| 020 | _a9716420706 | ||
| 082 |
_21999 _aDFil 920 _bZ1 |
||
| 100 |
_920279 _aZaide, Gregorio |
||
| 245 |
_aJose Rizal: _blife, works, and writings of a genius, writer, scientist, and national hero/ _cGregorio f. Zaide and Sonia M. Zaide. |
||
| 250 | _a2nd edition | ||
| 260 |
_aQuezon City: _bAll Nations Publishing Co.,Inc., _cc1999. |
||
| 300 |
_axxxii, 438 pages; _c22 cm. |
||
| 500 | _aIncludes bibliographical references and index. | ||
| 650 | 0 |
_920280 _aRizal, Jose, 1861-1896. |
|
| 650 | 0 |
_920281 _aHeroes -- Philippines -- Biography. |
|
| 700 |
_920282 _aZaide, Sonia M. |
||
| 365 |
_b160.00 _cPhp. |
||
| 942 |
_2ddc _cDFIL |
||
| 999 |
_c6694 _d6694 |
||